[Event "Titled Tuesday intern op 23rd Apr Late"]
[Site "Chess.com INT"]
[Date "2024.04.23"]
[Round "1"]
[White "Sidorika, Vladislav"]
[Black "Lozano Ramirez, Nestor Favian"]
[Result "1-0"]
[WhiteElo "2288"]
[BlackElo "2208"]
[PlyCount "65"]
[EventDate "2024.04.23"]
[EventType "swiss (blitz)"]
[EventRounds "11"]
[EventCountry "USA"]
[SourceTitle "CB18_2024"]
[SourceDate "2024.05.01"]
[SourceVersion "1"]
[SourceVersionDate "2024.05.01"]
[SourceQuality "2"]

1. c4 g6 2. g3 Bg7 3. Bg2 c5 4. Nc3 Nc6 5. Nf3 d6 6. d4 cxd4 7. Nb5 e5 8. e3 a6 9. Na3 dxe3 10. Bxe3 Nf6 11. 0-0 0-0 12. Bg5 Be6 13. Qd2 Ne4 14. Qe3 Nxg5 15. Nxg5 Bf5 16. Ne4 Nd4 17. Rfd1 Rc8 18. Rac1 h5 19. Nc2 h4 20. Nxd4 exd4 21. Qf4 h3 22. Bf3 Be5 23. Qh6 Bg7 24. Qf4 Be5 25. Qh6 Bxe4 26. Bxe4 b5 27. Bd5 Qf6 28. Qxh3 bxc4 29. Bxc4 d3 30. Bxf7+ Rxf7 31. Rxc8+ Rf8 32. Rxf8+ Kxf8 33. Rxd3 1-0

[Event "Titled Tuesday intern op 16th Apr Late"]
[Site "Chess.com INT"]
[Date "2024.04.16"]
[Round "9"]
[White "Jakubowski, Krzysztof"]
[Black "Sidorika, Vladislav"]
[Result "1-0"]
[WhiteElo "2462"]
[BlackElo "2288"]
[PlyCount "111"]
[EventDate "2024.04.16"]
[EventType "swiss (blitz)"]
[EventRounds "11"]
[EventCountry "USA"]
[SourceTitle "CB17_2024"]
[SourceDate "2024.04.24"]
[SourceVersion "1"]
[SourceVersionDate "2024.04.24"]
[SourceQuality "1"]

1. e4 c6 2. Nf3 d5 3. d3 dxe4 4. dxe4 Qxd1+ 5. Kxd1 g6 6. a4 Nf6 7. Nfd2 Bh6 8. f3 Nbd7 9. Nc4 Bxc1 10. Kxc1 Nc5 11. Kd2 Nfd7 12. b4 Ne6 13. a5 f6 14. Ke3 0-0 15. Nbd2 Kg7 16. Bd3 Ne5 17. Nxe5 fxe5 18. Nc4 Kf6 19. g3 Nc7 20. h4 Be6 21. f4 exf4+ 22. gxf4 Bxc4 23. Bxc4 e5 24. fxe5+ Kxe5 25. h5 Rf4 26. Bd3 Raf8 27. Rag1 Rf3+ 28. Kd2 R3f6 29. Rg5+ Ke6 30. hxg6 Rxg6 31. Bc4+ Kf6 32. Rf5+ Kg7 33. Rxf8 Kxf8 34. Rxh7 Rg7 35. Rh8+ Ke7 36. Rb8 b6 37. Rb7 Kd6 38. Rxa7 bxa5 39. bxa5 Rg2+ 40. Kc3 Rg3+ 41. Kb2 Re3 42. Bd3 Ne6 43. a6 Nc5 44. Ra8 Nxd3+ 45. cxd3 Kc7 46. Kc3 Re1 47. a7 Kb7 48. Rc8 Kxa7 49. Kd2 Rh1 50. Rxc6 Kb7 51. Rg6 Kc7 52. Kc3 Rc1+ 53. Kd4 Ra1 54. e5 Ra5 55. Ke4 Ra6 56. Rxa6 1-0

[Event "Titled Tuesday intern op 16th Apr Late"]
[Site "Chess.com INT"]
[Date "2024.04.16"]
[Round "1"]
[White "Minina, Veronika"]
[Black "Sidorika, Vladislav"]
[Result "0-1"]
[WhiteElo "2057"]
[BlackElo "2288"]
[PlyCount "120"]
[EventDate "2024.04.16"]
[EventType "swiss (blitz)"]
[EventRounds "11"]
[EventCountry "USA"]
[SourceTitle "CB17_2024"]
[SourceDate "2024.04.24"]
[SourceVersion "1"]
[SourceVersionDate "2024.04.24"]
[SourceQuality "1"]

1. d4 Nf6 2. c4 e6 3. g3 d5 4. Nf3 dxc4 5. Bg2 c5 6. 0-0 Nc6 7. Qa4 Bd7 8. Qxc4 cxd4 9. Nxd4 Rc8 10. Nxc6 Bxc6 11. Bxc6+ Rxc6 12. Qa4 a6 13. Nc3 Be7 14. Rd1 Qc8 15. Bf4 0-0 16. h4 b5 17. Qb3 Qb7 18. a3 Rfc8 19. Rd2 h6 20. Rad1 Rc4 21. Be5 Ng4 22. Rd7 Qb6 23. Bd4 Bc5 24. Bxc5 Qxc5 25. Rd8+ Rxd8 26. Rxd8+ Kh7 27. Qc2+ f5 28. e3 a5 29. Qd3 b4 30. axb4 axb4 31. Ne2 Rc2 32. h5 Rxb2 33. Nf4 Ne5 34. Ng6 Nxg6 35. hxg6+ Kxg6 36. Rd6 Qe5 37. Qa6 Rb1+ 38. Kh2 Kf6 39. Qe2 Qe4 40. f3 Qe5 41. Rd4 Rb3 42. Rd3 Rxd3 43. Qxd3 Kg6 44. Kg2 Kh7 45. g4 Qc3 46. Qd7 b3 47. Qxe6 Qc2+ 48. Kg3 fxg4 49. fxg4 b2 50. e4 Qc3+ 51. Kf4 Qf6+ 52. Qf5+ Qxf5+ 53. gxf5 b1Q 54. e5 Qb4+ 55. Ke3 Qc5+ 56. Ke4 Qc4+ 57. Ke3 Qd5 58. Kf4 Qd4+ 59. Kf3 Qxe5 60. f6 gxf6 0-1

[Event "Titled Tuesday intern op 16th Apr Late"]
[Site "Chess.com INT"]
[Date "2024.04.16"]
[Round "7"]
[White "Sidorika, Vladislav"]
[Black "Tan, Ralph"]
[Result "1-0"]
[WhiteElo "2288"]
[BlackElo "2004"]
[PlyCount "169"]
[EventDate "2024.04.16"]
[EventType "swiss (blitz)"]
[EventRounds "11"]
[EventCountry "USA"]
[SourceTitle "CB17_2024"]
[SourceDate "2024.04.24"]
[SourceVersion "1"]
[SourceVersionDate "2024.04.24"]
[SourceQuality "1"]

1. c4 e5 2. g3 Nc6 3. Bg2 Nf6 4. Nc3 Bb4 5. d3 0-0 6. e4 Ne7 7. Nge2 c6 8. a3 Bxc3+ 9. bxc3 d5 10. cxd5 cxd5 11. exd5 Nexd5 12. 0-0 Bf5 13. Ra2 Rc8 14. c4 Nb6 15. Rd2 Qc7 16. Nc3 Rfd8 17. Bb2 Qd7 18. Nd5 Nfxd5 19. cxd5 f6 20. Qb3 Kh8 21. d4 e4 22. Re2 Re8 23. Rfe1 Qxd5 24. Qxd5 Nxd5 25. Bxe4 Bxe4 26. Rxe4 Rxe4 27. Rxe4 Kg8 28. Re2 Kf7 29. Kg2 Rc4 30. h4 b5 31. Kf3 a5 32. g4 b4 33. axb4 axb4 34. Ke4 Nb6 35. Kd3 Rc6 36. h5 Nd5 37. Rd2 Ke6 38. Re2+ Kd7 39. Re1 b3 40. Ra1 Rc2 41. Ra7+ Ke6 42. Ba3 Rxf2 43. Rxg7 b2 44. Bxb2 Rxb2 45. Rxh7 Rb3+ 46. Ke2 Rg3 47. Rg7 Rh3 48. Kf2 Nf4 49. Rg8 Kd5 50. Rd8+ Ke4 51. Re8+ Kxd4 52. Re7 Nd5 53. Re8 Rh4 54. Kg3 Rh1 55. Re6 Rg1+ 56. Kf3 Rf1+ 57. Kg3 Nf4 58. Re8 Ne2+ 59. Rxe2 Rh1 60. Re6 f5 61. Re8 fxg4 62. Kxg4 Kd5 63. Kg5 Rg1+ 64. Kf6 Rh1 65. Kg6 Rg1+ 66. Kh7 Rg5 67. h6 Kd6 68. Rg8 Rh5 69. Rg6+ Ke7 70. Kg7 Rf5 71. h7 Rf7+ 72. Kh6 Rf8 73. Rg8 Rf6+ 74. Kg5 Rf1 75. h8Q Rg1+ 76. Kf4 Rf1+ 77. Ke3 Re1+ 78. Kf2 Re6 79. Qg7+ Kd6 80. Rd8+ Kc5 81. Qc3+ Kb6 82. Rb8+ Ka7 83. Qc7+ Ka6 84. Qb7+ Ka5 85. Qb5# 1-0

[Event "Lvov Ukrainian Chess Warriors"]
[Site "Lvov"]
[Date "2024.03.15"]
[Round "5"]
[White "Sidorika, Vladislav"]
[Black "Podolskyi, Mykhailo"]
[Result "1-0"]
[WhiteElo "2310"]
[BlackElo "2331"]
[PlyCount "30"]
[EventDate "2024.03.15"]
[EventType "swiss (rapid)"]
[EventRounds "8"]
[EventCountry "UKR"]
[SourceTitle "CB12_2024"]
[SourceDate "2023.10.01"]
[SourceVersion "1"]
[SourceVersionDate "2023.10.01"]
[SourceQuality "1"]

1. b3 e5 2. Bb2 d6 3. e3 g6 4. c4 Bg7 5. Nf3 f5 6. d3 Nf6 7. Be2 c5 8. 0-0 0-0 9. Nc3 Nc6 10. Nd5 Nxd5 11. cxd5 Ne7 12. e4 Kh8 13. Nd2 Ng8 14. f4 exf4 15. Bxg7+ Kxg7 1-0

[Event "Titled Tuesday intern op 14th Nov Early"]
[Site "Chess.com INT"]
[Date "2023.11.14"]
[Round "1"]
[White "Sarkar, Justin"]
[Black "Sidorika, Vladislav"]
[Result "0-1"]
[WhiteElo "2289"]
[BlackElo "2306"]
[PlyCount "52"]
[EventDate "2023.11.14"]
[EventType "swiss (blitz)"]
[EventRounds "11"]
[EventCountry "USA"]
[SourceTitle "CB47_2023"]
[SourceDate "2023.11.22"]
[SourceVersion "1"]
[SourceVersionDate "2023.11.22"]
[SourceQuality "1"]

1. e4 c6 2. d4 d5 3. e5 c5 4. dxc5 e6 5. a3 Bxc5 6. b4 Be7 7. Nf3 a5 8. b5 f6 9. Bb2 Nd7 10. Bd3 Nh6 11. 0-0 Nf7 12. exf6 Bxf6 13. Bxf6 Qxf6 14. Nbd2 e5 15. Re1 0-0 16. c4 e4 17. Nxe4 dxe4 18. Bxe4 Nc5 19. Bd5 Be6 20. Ra2 Bxd5 21. Qxd5 b6 22. Rae2 Rad8 23. Qh5 g6 24. Qg4 Nd3 25. Rb1 Nde5 26. Nxe5 Nxe5 0-1

[Event "Titled Tuesday intern op 14th Nov Early"]
[Site "Chess.com INT"]
[Date "2023.11.14"]
[Round "7"]
[White "Sidorika, Vladislav"]
[Black "Gurel, Ediz"]
[Result "1-0"]
[WhiteElo "2306"]
[BlackElo "2554"]
[PlyCount "105"]
[EventDate "2023.11.14"]
[EventType "swiss (blitz)"]
[EventRounds "11"]
[EventCountry "USA"]
[SourceTitle "CB47_2023"]
[SourceDate "2023.11.22"]
[SourceVersion "1"]
[SourceVersionDate "2023.11.22"]
[SourceQuality "1"]

1. c4 Nf6 2. g3 e5 3. Bg2 Bc5 4. Nc3 0-0 5. e3 Nc6 6. Nge2 d6 7. d4 exd4 8. exd4 Bb6 9. h3 Bf5 10. 0-0 Qd7 11. g4 Bg6 12. Be3 Rfe8 13. Ng3 h6 14. Qd2 Nb4 15. Bxb7 Rab8 16. Bg2 Ba5 17. a3 Nc2 18. b4 Bb6 19. Rac1 Nxa3 20. c5 Nc4 21. Qa2 Nxe3 22. fxe3 Rxe3 23. cxb6 Rxb6 24. Nf5 Bxf5 25. Rxf5 Qe7 26. Nd5 Nxd5 27. Bxd5 Rxh3 28. Bxf7+ Kh8 29. Qf2 Rb8 30. Re1 Qh4 31. Qxh4 Rxh4 32. Rf4 g5 33. Rfe4 Rh3 34. d5 Rf3 35. Bg6 Rf4 36. Rxf4 gxf4 37. Re4 Rb5 38. Bf7 Kg7 39. Be6 f3 40. Kf2 Kf6 41. Kxf3 c6 42. dxc6 d5 43. Re1 Rxb4 44. c7 Rb3+ 45. Kg2 Rb2+ 46. Kh3 Rb3+ 47. Kh2 Rb2+ 48. Kg1 Rc2 49. c8Q Rxc8 50. Bxc8 d4 51. Re6+ Kg5 52. Rd6 Kf4 53. Rxd4+ 1-0

[Event "Titled Tuesday intern op 14th Nov Early"]
[Site "Chess.com INT"]
[Date "2023.11.14"]
[Round "11"]
[White "Sidorika, Vladislav"]
[Black "Madaminov, Mukhiddin"]
[Result "0-1"]
[WhiteElo "2306"]
[BlackElo "2494"]
[PlyCount "44"]
[EventDate "2023.11.14"]
[EventType "swiss (blitz)"]
[EventRounds "11"]
[EventCountry "USA"]
[SourceTitle "CB47_2023"]
[SourceDate "2023.11.22"]
[SourceVersion "1"]
[SourceVersionDate "2023.11.22"]
[SourceQuality "1"]

1. c4 b6 2. g3 Bb7 3. Nf3 e6 4. Bg2 g6 5. 0-0 Bg7 6. d4 Nf6 7. Nc3 Ne4 8. Nxe4 Bxe4 9. b3 0-0 10. Bb2 d5 11. Bh3 Bxf3 12. exf3 dxc4 13. bxc4 Nc6 14. f4 Bxd4 15. Qe2 Qf6 16. Rab1 Bxb2 17. Rxb2 Nd4 18. Qd3 Nf3+ 19. Qxf3 Qxb2 20. a4 Rad8 21. Qc6 Qa3 22. Bg2 Qc5 0-1

[Event "Titled Tuesday intern op 14th Nov Early"]
[Site "Chess.com INT"]
[Date "2023.11.14"]
[Round "2"]
[White "Sidorika, Vladislav"]
[Black "Mahdavi, Reza"]
[Result "1-0"]
[WhiteElo "2306"]
[BlackElo "2323"]
[PlyCount "69"]
[EventDate "2023.11.14"]
[EventType "swiss (blitz)"]
[EventRounds "11"]
[EventCountry "USA"]
[SourceTitle "CB47_2023"]
[SourceDate "2023.11.22"]
[SourceVersion "1"]
[SourceVersionDate "2023.11.22"]
[SourceQuality "1"]

1. c4 e6 2. g3 d5 3. Bg2 Nf6 4. Nf3 d4 5. 0-0 c5 6. e3 Nc6 7. exd4 cxd4 8. Re1 Bd6 9. Na3 0-0 10. Nc2 e5 11. d3 Re8 12. b4 Bf5 13. b5 Na5 14. Bg5 h6 15. Bxf6 Qxf6 16. Nh4 Bh7 17. Qd2 Bc7 18. Nb4 Qg5 19. Qe2 Rad8 20. Nd5 Bd6 21. Rac1 b6 22. f4 exf4 23. Qxe8+ Rxe8 24. Rxe8+ Bf8 25. Nf3 Qh5 26. Ne7+ Kh8 27. Rxf8+ Bg8 28. Rxg8+ Kh7 29. gxf4 Qc5 30. Re1 Qb4 31. Rf8 Nb7 32. Rxf7 Nd6 33. Rf8 Qc3 34. h4 g6 35. Nd5 1-0

[Event "Titled Tuesday intern op 19th Sep Early"]
[Site "Chess.com INT"]
[Date "2023.09.19"]
[Round "6"]
[White "Sidorika, Vladislav"]
[Black "Vidit, Santosh Gujrathi"]
[Result "0-1"]
[WhiteElo "2294"]
[BlackElo "2716"]
[PlyCount "75"]
[EventDate "2023.09.19"]
[EventType "swiss (blitz)"]
[EventRounds "11"]
[EventCountry "USA"]
[SourceTitle "EXT 2024"]
[Source "ChessBase"]
[SourceDate "2023.10.10"]
[SourceVersion "1"]
[SourceVersionDate "2023.10.10"]
[SourceQuality "1"]

1. c4 e5 2. g3 Nf6 3. Bg2 Bc5 4. e3 0-0 5. Nc3 Re8 6. Nge2 a6 7. 0-0 d6 8. d4 Ba7 9. h3 h5 10. b3 Nbd7 11. dxe5 dxe5 12. Ba3 Bc5 13. Bb2 c6 14. Qc2 Qe7 15. Rfd1 a5 16. Rd2 Bb4 17. a3 Bc5 18. Na4 Ba7 19. Rad1 Nc5 20. Nac3 e4 21. b4 axb4 22. axb4 Na6 23. b5 Nb4 24. Qb1 Bc5 25. Nd4 Bd7 26. Nce2 Nd3 27. Nc1 Ne5 28. Ndb3 Bf5 29. Nxc5 Qxc5 30. Bxe5 Qxe5 31. bxc6 bxc6 32. Ne2 Be6 33. Qc2 Qc5 34. Nf4 Qxc4 35. Qxc4 Bxc4 36. Rc1 Bb5 37. Rc5 g6 38. Rd7 0-1

[Event "Titled Tuesday intern op 19th Sep Early"]
[Site "Chess.com INT"]
[Date "2023.09.19"]
[Round "9"]
[White "Smirnov, Mark1111"]
[Black "Sidorika, Vladislav"]
[Result "1-0"]
[WhiteElo "2005"]
[BlackElo "2294"]
[PlyCount "89"]
[EventDate "2023.09.19"]
[EventType "swiss (blitz)"]
[EventRounds "11"]
[EventCountry "USA"]
[SourceTitle "EXT 2024"]
[Source "ChessBase"]
[SourceDate "2023.10.10"]
[SourceVersion "1"]
[SourceVersionDate "2023.10.10"]
[SourceQuality "1"]

1. e4 c6 2. d4 d5 3. Nc3 dxe4 4. Nxe4 Bf5 5. Nc5 e5 6. Nxb7 Qb6 7. Nc5 exd4 8. Nb3 c5 9. Bd3 Bxd3 10. cxd3 Nf6 11. Bg5 Nbd7 12. Nf3 Be7 13. 0-0 0-0 14. Bxf6 Bxf6 15. Nfd2 a5 16. Nc4 Qc7 17. Nbd2 a4 18. Ne4 Rfb8 19. Qc2 Be7 20. Rfe1 Bf8 21. Rac1 h6 22. Qe2 Re8 23. Qg4 Re6 24. Re2 g6 25. Qg3 Qc6 26. Rce1 Rae8 27. Qf3 Kg7 28. Ng5 Qxf3 29. Nxe6+ fxe6 30. gxf3 Kf6 31. f4 h5 32. Kg2 Bh6 33. Kf3 Bf8 34. Ne5 Nb6 35. Rg1 Nd5 36. Rxg6+ Ke7 37. Nc4 Kd7 38. f5 Be7 39. Rgxe6 Kd8 40. Nb6 Nc7 41. R6e5 Rf8 42. Rxe7 Rxf5+ 43. Kg2 Rg5+ 44. Kf1 Rf5 45. Rd7# 1-0

[Event "AI Cup Play In"]
[Site "Chess.com INT"]
[Date "2023.09.18"]
[Round "1"]
[White "Sidorika, Vladislav"]
[Black "Kantor, Gergely"]
[Result "0-1"]
[WhiteElo "2294"]
[BlackElo "2529"]
[PlyCount "98"]
[EventDate "2023.09.18"]
[EventType "swiss (rapid)"]
[EventRounds "9"]
[EventCountry "USA"]
[SourceTitle "EXT 2024"]
[Source "ChessBase"]
[SourceDate "2023.10.10"]
[SourceVersion "1"]
[SourceVersionDate "2023.10.10"]
[SourceQuality "1"]

1. c4 e5 2. g3 Nf6 3. Bg2 d5 4. cxd5 Nxd5 5. Nf3 Nc6 6. 0-0 Nb6 7. d3 Be7 8. a3 a5 9. Nc3 0-0 10. Be3 Be6 11. d4 exd4 12. Nxd4 Nxd4 13. Qxd4 Nc4 14. Bxb7 Rb8 15. Bd5 Nxe3 16. Qxe3 Bxd5 17. Nxd5 Qxd5 18. Qxe7 Rxb2 19. Rfd1 Qe6 20. Qxe6 fxe6 21. Kf1 c5 22. Rac1 Rc8 23. Rc3 Kf7 24. Rd7+ Kf6 25. Ra7 Ke5 26. Rxa5 Kd4 27. Rd3+ Kc4 28. Ke1 Rcb8 29. Rd7 Ra2 30. Ra4+ Kb3 31. Raa7 c4 32. e4 c3 33. Rab7+ Rxb7 34. Rxb7+ Kc2 35. Rxg7 Kd3 36. Rd7+ Kxe4 37. Rc7 Rxa3 38. h4 h5 39. Rc6 e5 40. Rc7 Ra1+ 41. Ke2 Ra2+ 42. Ke1 Kd3 43. Rd7+ Kc2 44. Rd5 Kb1 45. Rxe5 c2 46. Rc5 c1Q+ 47. Rxc1+ Kxc1 48. f3 Rg2 49. g4 hxg4 0-1

[Event "Titled Tuesday intern op 05th Sep Late"]
[Site "Chess.com INT"]
[Date "2023.09.05"]
[Round "1"]
[White "Garcia Lemos, Federico"]
[Black "Sidorika, Vladislav"]
[Result "0-1"]
[WhiteElo "2131"]
[BlackElo "2294"]
[PlyCount "84"]
[EventDate "2023.09.05"]
[EventType "swiss (blitz)"]
[EventRounds "11"]
[EventCountry "USA"]
[SourceTitle "EXT 2024"]
[Source "ChessBase"]
[SourceDate "2023.10.10"]
[SourceVersion "1"]
[SourceVersionDate "2023.10.10"]
[SourceQuality "1"]

1. Nf3 d5 2. g3 Bg4 3. Bg2 Nd7 4. h3 Bh5 5. d3 c6 6. 0-0 e5 7. Nbd2 Ngf6 8. e4 dxe4 9. dxe4 Bc5 10. Qe2 0-0 11. a4 Qc7 12. Nb3 Be7 13. g4 Bg6 14. Nh4 Rfe8 15. Nf5 Nf8 16. Rd1 Ne6 17. Be3 Nf4 18. Qc4 Bf8 19. Bf1 Red8 20. a5 b5 21. axb6 axb6 22. Rxd8 Rxd8 23. f3 b5 24. Qc3 Bxf5 25. gxf5 N6h5 26. Kh2 Qd6 27. Qc5 Qf6 28. Qb6 Qg5 29. Bf2 Nf6 30. Qe3 Qh5 31. Bg3 c5 32. Bxf4 exf4 33. Qe2 c4 34. Nc1 Qg5 35. Qg2 Qh4 36. Ne2 Rd2 37. Kg1 Nh5 38. Qg4 Qxg4+ 39. hxg4 Bc5+ 40. Kh1 Ng3+ 41. Nxg3 fxg3 42. Ra8+ Bf8 0-1

[Event "Titled Tuesday intern op 29th Aug Late"]
[Site "Chess.com INT"]
[Date "2023.08.29"]
[Round "1"]
[White "Peatman, Carter F"]
[Black "Sidorika, Vladislav"]
[Result "0-1"]
[WhiteElo "2015"]
[BlackElo "2294"]
[PlyCount "108"]
[EventDate "2023.08.29"]
[EventType "swiss (blitz)"]
[EventRounds "11"]
[EventCountry "USA"]
[SourceTitle "EXT 2024"]
[Source "ChessBase"]
[SourceDate "2023.10.10"]
[SourceVersion "1"]
[SourceVersionDate "2023.10.10"]
[SourceQuality "1"]

1. d4 Nf6 2. Bf4 d5 3. e3 c5 4. c3 Nc6 5. Nd2 cxd4 6. exd4 Bf5 7. Qb3 Qc8 8. Ngf3 e6 9. Be2 Be7 10. h3 0-0 11. 0-0 a6 12. a4 Na5 13. Qd1 Ne4 14. Nxe4 Bxe4 15. Nd2 Bg6 16. Re1 Qd7 17. Nb3 Nc4 18. Bxc4 dxc4 19. Nd2 Rac8 20. a5 Rfd8 21. Qa4 Qd5 22. Re5 Qc6 23. Re3 Rd5 24. Nf3 Bf6 25. Ne5 Bxe5 26. Rxe5 Rxe5 27. Bxe5 f6 28. Bg3 Qd5 29. Qb4 Kf7 30. Re1 Be4 31. f3 Bf5 32. Qb6 h5 33. h4 Kg6 34. Kh2 Qd7 35. Bf4 Rc6 36. Qb4 Qd5 37. Ra1 Rc8 38. Re1 Rd8 39. Bc7 Rd7 40. Bb6 Qc6 41. Bc5 Kf7 42. Qxc4 Rd5 43. Qb4 Bd3 44. c4 Rd7 45. Qc3 Bf5 46. b3 Qc7+ 47. g3 g5 48. hxg5 h4 49. f4 fxg5 50. Rf1 Kg6 51. Qe3 Rh7 52. gxh4 Rxh4+ 53. Kg1 Rg4+ 54. Kh1 gxf4 0-1

[Event "Titled Tuesday intern op 29th Aug Early"]
[Site "Chess.com INT"]
[Date "2023.08.29"]
[Round "8"]
[White "Reprintsev, Alexander"]
[Black "Sidorika, Vladislav"]
[Result "0-1"]
[WhiteElo "2225"]
[BlackElo "2294"]
[PlyCount "64"]
[EventDate "2023.08.29"]
[EventType "swiss (blitz)"]
[EventRounds "11"]
[EventCountry "USA"]
[SourceTitle "EXT 2024"]
[Source "ChessBase"]
[SourceDate "2023.10.10"]
[SourceVersion "1"]
[SourceVersionDate "2023.10.10"]
[SourceQuality "1"]

1. e4 c6 2. Nc3 d5 3. Nf3 dxe4 4. Nxe4 Nf6 5. Qe2 Nxe4 6. Qxe4 Qa5 7. c3 Bf5 8. Qf4 e6 9. d4 Be7 10. Be2 Nd7 11. 0-0 0-0 12. b4 Qd8 13. a4 Nf6 14. h3 a5 15. b5 Nd5 16. Qd2 c5 17. Ba3 cxd4 18. Nxd4 Bxa3 19. Rxa3 Bg6 20. Rd1 Qc7 21. c4 Nb4 22. Rc3 Rfd8 23. Qe3 Rac8 24. c5 Nd5 25. Qg3 Nxc3 26. Qxc3 Qxc5 27. Qa1 e5 28. Nf3 Rxd1+ 29. Qxd1 Qc1 30. Kh2 Qxd1 31. Bxd1 f6 32. Bb3+ Bf7 0-1

[Event "Titled Tuesday intern op 15th Aug Late"]
[Site "Chess.com INT"]
[Date "2023.08.15"]
[Round "1"]
[White "Parfenov, Viktor N"]
[Black "Sidorika, Vladislav"]
[Result "0-1"]
[WhiteElo "2193"]
[BlackElo "2294"]
[PlyCount "54"]
[EventDate "2023.08.15"]
[EventType "swiss (blitz)"]
[EventRounds "11"]
[EventCountry "USA"]
[SourceTitle "EXT 2024"]
[Source "ChessBase"]
[SourceDate "2023.10.10"]
[SourceVersion "1"]
[SourceVersionDate "2023.10.10"]
[SourceQuality "1"]

1. e4 c6 2. d4 d5 3. e5 Bf5 4. Nf3 e6 5. Be2 c5 6. Be3 Qb6 7. Nc3 Nc6 8. 0-0 Qxb2 9. Qe1 cxd4 10. Bxd4 Nxd4 11. Nxd4 Bb4 12. Ndb5 Ba5 13. Rb1 Qxc2 14. Rc1 Qb2 15. Nd6+ Kf8 16. Nxf5 exf5 17. Rb1 Qxc3 18. Qd1 Ne7 19. Rxb7 Qxe5 20. Bf3 g6 21. Rb5 Qc7 22. Qd4 Bc3 23. Qd3 Kg7 24. Rc1 Rac8 25. Bxd5 Nxd5 26. Rxd5 Rhd8 27. Rxc3 Qxc3 0-1

[Event "Titled Tuesday intern op 15th Aug Late"]
[Site "Chess.com INT"]
[Date "2023.08.15"]
[Round "5"]
[White "Sidorika, Vladislav"]
[Black "Dardha, Daniel"]
[Result "0-1"]
[WhiteElo "2294"]
[BlackElo "2598"]
[PlyCount "77"]
[EventDate "2023.08.15"]
[EventType "swiss (blitz)"]
[EventRounds "11"]
[EventCountry "USA"]
[SourceTitle "EXT 2024"]
[Source "ChessBase"]
[SourceDate "2023.10.10"]
[SourceVersion "1"]
[SourceVersionDate "2023.10.10"]
[SourceQuality "1"]

1. c4 c6 2. g3 d5 3. Bg2 Nf6 4. Nf3 Nbd7 5. d4 dxc4 6. 0-0 b5 7. a4 Bb7 8. b3 e6 9. bxc4 bxc4 10. Qc2 c5 11. Na3 cxd4 12. Nxc4 Bc5 13. Ba3 0-0 14. Rfd1 Be4 15. Qd2 d3 16. exd3 Bd5 17. Ne3 Bxa3 18. Nxd5 Nxd5 19. Rxa3 Rc8 20. Rb3 Nc5 21. Ra3 Qd6 22. Qa2 Nb4 23. Qe2 a5 24. d4 Nd7 25. Ne5 Rc2 26. Qb5 Nxe5 27. Qxe5 Qxe5 28. dxe5 g5 29. h4 h6 30. Rd7 Re2 31. hxg5 hxg5 32. f4 Rc8 33. Bf1 Rc1 34. fxg5 Nc6 35. Rc7 Ree1 36. Rf3 Nxe5 37. Rxc1 Nxf3+ 38. Kf2 Rxc1 39. Kxf3 0-1

[Event "Titled Tuesday intern op 15th Aug Early"]
[Site "Chess.com INT"]
[Date "2023.08.15"]
[Round "4"]
[White "Sidorika, Vladislav"]
[Black "Hoffmann, Asa"]
[Result "1-0"]
[WhiteElo "2294"]
[BlackElo "2185"]
[PlyCount "115"]
[EventDate "2023.08.15"]
[EventType "swiss (blitz)"]
[EventRounds "11"]
[EventCountry "USA"]
[SourceTitle "EXT 2024"]
[Source "ChessBase"]
[SourceDate "2023.10.10"]
[SourceVersion "1"]
[SourceVersionDate "2023.10.10"]
[SourceQuality "1"]

1. c4 Nf6 2. g3 c6 3. Bg2 d6 4. Nf3 e5 5. 0-0 Be7 6. Nc3 0-0 7. d3 h6 8. c5 Be6 9. cxd6 Bxd6 10. Bd2 Nbd7 11. a3 Re8 12. b4 a5 13. b5 c5 14. Ne1 Rb8 15. Nc2 Nb6 16. Ne3 Bf8 17. Qc2 Qc7 18. Na4 Nxa4 19. Qxa4 b6 20. Rac1 Rbd8 21. Nc4 Bd5 22. Bxd5 Nxd5 23. Rfd1 Qb8 24. Ne3 Nxe3 25. Bxe3 Qd6 26. Rc4 f5 27. Rdc1 Qd5 28. f3 Bd6 29. Bf2 Re7 30. Qb3 Rde8 31. e4 fxe4 32. dxe4 Qf7 33. Rd1 Re6 34. Rd5 Rf6 35. Kg2 Bf8 36. Rc3 Kh8 37. Rcd3 Qg6 38. Rd8 Rfe6 39. Rxe8 Qxe8 40. Qd5 Kh7 41. Qb7 Qxb5 42. Rd8 Rf6 43. Qa8 Qb3 44. f4 exf4 45. Rxf8 f3+ 46. Kh3 Qe6+ 47. g4 Rxf8 48. Qxf8 Qxe4 49. Kg3 Qe5+ 50. Qf4 Qxf4+ 51. Kxf4 b5 52. Bxc5 b4 53. axb4 axb4 54. Kxf3 b3 55. Bd4 Kg6 56. h4 h5 57. g5 Kf5 58. Bxg7 1-0

[Event "Titled Tuesday intern op 15th Aug Late"]
[Site "Chess.com INT"]
[Date "2023.08.15"]
[Round "2"]
[White "Sidorika, Vladislav"]
[Black "Vachier Lagrave, Maxime"]
[Result "0-1"]
[WhiteElo "2294"]
[BlackElo "2739"]
[PlyCount "38"]
[EventDate "2023.08.15"]
[EventType "swiss (blitz)"]
[EventRounds "11"]
[EventCountry "USA"]
[SourceTitle "EXT 2024"]
[Source "ChessBase"]
[SourceDate "2023.10.10"]
[SourceVersion "1"]
[SourceVersionDate "2023.10.10"]
[SourceQuality "1"]

1. c4 e5 2. g3 Nf6 3. Bg2 c6 4. Nf3 e4 5. Nd4 d5 6. d3 Bc5 7. Nb3 Bb4+ 8. Bd2 Bxd2+ 9. Qxd2 dxc4 10. dxc4 Qe7 11. 0-0 0-0 12. Nc3 Bf5 13. Rad1 Nbd7 14. f3 Ne5 15. Qf4 Bg6 16. Nd2 exf3 17. exf3 Nd3 18. Qh4 Qe3+ 19. Kh1 Nxb2 0-1

[Event "Malakhatko Memorial op"]
[Site "Chess.com INT"]
[Date "2023.06.14"]
[Round "7"]
[White "Kepeshchuk, Mykhaylo"]
[Black "Sidorika, Vladislav"]
[Result "0-1"]
[WhiteElo "2269"]
[BlackElo "2321"]
[PlyCount "58"]
[EventDate "2023.06.14"]
[EventType "swiss (blitz)"]
[EventRounds "11"]
[EventCountry "USA"]
[SourceTitle "CBM 214 Extra"]
[Source "ChessBase"]
[SourceDate "2023.07.31"]
[SourceVersion "1"]
[SourceVersionDate "2023.07.31"]
[SourceQuality "1"]

1. d4 Nf6 2. c4 e6 3. g3 d5 4. Bg2 Bb4+ 5. Nd2 0-0 6. Ngf3 dxc4 7. Qc2 b5 8. a4 c6 9. axb5 cxb5 10. Ng5 h6 11. h4 Qxd4 12. Bxa8 Bc5 13. e3 Qd7 14. Bg2 Nc6 15. Nge4 Nb4 16. Nxf6+ gxf6 17. Qc3 Nd3+ 18. Ke2 e5 19. Ne4 Be7 20. Rd1 f5 21. Nd2 e4 22. b3 Qe6 23. bxc4 Bf6 24. Qa5 bxc4 25. Ba3 Re8 26. Rac1 c3 27. Nb1 Ba6 28. Rxc3 Qa2+ 29. Nd2 Nf4+ 0-1